000 00773cab a2200277 4500
001 ABS52921
008 090401t1995 xxu||||| |||| 00| 0 eng d
035 _a(Sirsi) u888
041 _aeng
100 _aNicholson, D.
245 _aScandinavia: picking up the pieces
260 _c1995
350 _a0
490 _aEuroProperty
_vMay 1995, 6-8(3)
520 _aConsiders the recovery of property markets in Scandinavian countries and examines ways of handling property related debts.
650 _aFINLAND
650 _aPROPERTY MARKET
650 _aSCANDINAVIA
650 _aSWEDEN
650 _aTAXATION
690 _aPROPERTY-COMMERCIAL PROPERTY
690 _aFINANCE AND INVESTMENT
690 _aOVERSEAS-EUROPE
942 _n0
948 _c04/03/1997
999 _c495
_d495